logo

Bir Sreshtho Munshi Abdur Rouf Library
Jhenaidah Cadet College

Topics in English for the secondary school. (Record no. 9402)

MARC details
000 -LEADER
fixed length control field 00733cam a22002531 4500
001 - CONTROL NUMBER
JCCL Control Number 9402
003 - CONTROL NUMBER IDENTIFIER
JCCL marc code BD-JhCC
005 - DATE AND TIME OF LATEST TRANSACTION
control field 20180313191603.0
008 - FIXED-LENGTH DATA ELEMENTS--GENERAL INFORMATION
fixed length control field 711012s1965 enk b 000 0 eng
035 ## - SYSTEM CONTROL NUMBER
system control number (BD-JhCC)9402
040 ## - CATALOGING SOURCE
Original cataloging agency DLC
Transcribing agency DLC
Modifying agency DLC
-- BD-JhCC
041 ## - LANGUAGE CODE
Language code of Book eng
050 00 - LIBRARY OF CONGRESS CALL NUMBER
Classification number PE1065
Item number .S85
082 00 - DEWEY DECIMAL CLASSIFICATION NUMBER
Classification number 420.712
Author mark and Year SUM 1965
100 1# - MAIN ENTRY--PERSONAL NAME
Personal name Summerfield, Geoffrey.
245 10 - TITLE STATEMENT
Title Topics in English for the secondary school.
260 ## - PUBLICATION, DISTRIBUTION, ETC. (IMPRINT)
Place of publication, distribution, etc London,
Name of publisher, distributor, etc B. T. Batsford
Date of publication, distribution, etc [1965]
300 ## - PHYSICAL DESCRIPTION
Pagination 119 p.
Dimensions 23 cm.
500 ## - GENERAL NOTE
General note Stamped on t.p.: Distributed by Sportshelf, New Rochelle, N.Y.
504 ## - BIBLIOGRAPHY, ETC. NOTE
Bibliography, etc Includes bibliographies.
650 #0 - SUBJECT ADDED ENTRY--TOPICAL TERM
Topical term or geographic name as entry element English language
General subdivision Study and teaching (Secondary)
942 ## - ADDED ENTRY ELEMENTS (KOHA)
Source of classification or shelving scheme Dewey Decimal Classification
Koha item type Books
Holdings
Source of classification or shelving scheme Damaged status Not for loan Home library Current library Shelving location Total Checkouts Full call number Barcode Date last seen Copy number Koha item type
Dewey Decimal Classification     JCC Rouf Library JCC Rouf Library General Stacks   420.712 SUM 1965 11598 03/13/2018 C - 1 Books

JCC Library | Contacts | JCC Home

Last Update on 23 September 2017
Copyright @ 2017-2020 JCC Rouf Library
Rouf Library, Jhenidah Cadet College (JCC), Bangladesh